000 00943nam a2200253Ia 4500
003 OSt
005 20220923213053.0
006 a|||||r|||| 00| 0
007 ta
008 220922b |||||||| |||| 00| 0 hin d
024 _a158,716
037 _cTextual
040 _aARTS
_cARTS
_bhin
041 _2hin
_ahin
082 _aO152,1(/\25):g, L3
100 _aश्रीवास्तव, उदय शंकर
_9160504
245 0 _aमध्ययुगीन हिन्दी के सूफी इतर मुसलमान कवि
246 _aMadhyayugīn hindī ke sūfī itar musalamān kavi
260 _aमथुरा
_b जवाहर पुस्तकालय
_c1973
300 _a450पृ.
_ccm.
650 _aहिन्दी साहित्य
_9156264
942 _hO152,1(/\25):g, L3
_cTEXL
_2CC
999 _c313463
_d313463